As good as used (Record no. 82107)

MARC details
000 -LEADER
fixed length control field 01182cad a22002175a 4500
001 - CONTROL NUMBER
control field L149280
008 - FIXED-LENGTH DATA ELEMENTS--GENERAL INFORMATION
fixed length control field 100217s2010 xxk f 000 0 eng d
035 ## - SYSTEM CONTROL NUMBER
System control number (Sirsi) u149280
041 0# - LANGUAGE CODE
Language code of text/sound track or separate title eng
100 1# - MAIN ENTRY--PERSONAL NAME
Personal name Swinburne, Nick
245 00 - TITLE STATEMENT
Title As good as used
Remainder of title resale valuation of new-build housing
Medium [electronic resource]
260 ## - PUBLICATION, DISTRIBUTION, ETC.
Date of publication, distribution, etc. 2010
490 ## - SERIES STATEMENT
Series statement RICS Residential Property Journal
Volume/sequential designation Jan-Feb 2010, 7(1)
520 ## - SUMMARY, ETC.
Summary, etc. Resale valuation requires more detailed explanation by lenders, so that valuers, builders, brokers and, most importantly, customers can understand the thinking behind it. The RICS Valuation Standard PS3.2 of individual new-build homes guidance note provides excellent advice on valuing within Red Book parameters. In addition, in September 2009, Nationwide published a further definition and guidance for valuers. The article discusses both and their implications.
590 ## - LOCAL NOTE (RLIN)
Local note KA
650 24 - SUBJECT ADDED ENTRY--TOPICAL TERM
Topical term or geographic name entry element RICS VALUATION STANDARDS
651 #4 - SUBJECT ADDED ENTRY--GEOGRAPHIC NAME
Geographic name England and Wales
Chronological subdivision 1543-
690 ## - LOCAL SUBJECT ADDED ENTRY--TOPICAL TERM (OCLC, RLIN)
Topical term or geographic name as entry element PROPERTY-PROPERTY VALUATION AND APPRAISAL
856 40 - ELECTRONIC LOCATION AND ACCESS
Uniform Resource Identifier <a href="https://www.rics.org/site/download_feed.aspx?fileID=5567">https://www.rics.org/site/download_feed.aspx?fileID=5567</a>
Public note View this item (member-only access) at www.rics.org
942 ## - ADDED ENTRY ELEMENTS (KOHA)
Suppress in OPAC 0
Holdings
Withdrawn status Lost status Source of classification or shelving scheme Damaged status Not for loan Home library Current library Shelving location Date acquired Total Checkouts Full call number Barcode Date last seen Copy number Price effective from Koha item type
    Dewey Decimal Classification     Virtual Virtual Online 17/02/2010   ONLINE PUBLICATION 149280-2001 06/08/2019 1 06/08/2019 Journal article